[Event "Mistrzostwa Polski Juniorow do lat 16 - Chlopcy"]
[Site "Jastrzebia Gora"]
[Date "1899-12-30"]
[Round "6.3"]
[White "Musial, Igor"]
[Black "Malek, Jan"]
[Result "0-1"]
[WhiteTitle "I"]
[BlackTitle "m"]
[WhiteElo "1825"]
[BlackElo "2389"]

1. e4 e6 2. d4 d5 3. Nd2 Nf6 4. e5 Nfd7 5. Bd3 c5 6. c3 Nc6 7. Ngf3 Qb6 8. O-O
cxd4 9. cxd4 a5 10. Qa4 Ndb8 11. Qb3 Qxb3 12. Nxb3 a4 13. Nbd2 Be7 14. Nb1 Nb4
15. Bb5+ Bd7 16. Nc3 Bxb5 17. Nxb5 Ra5 18. Nc3 N8c6 19. Be3 Kd7 20. Rfd1 Rc8 21.
Rac1 Na7 22. a3 Nbc6 23. Ne1 Rb8 24. Nd3 Nc8 25. Na2 Nb6 26. Bd2 Rb5 27. Bb4 Nxd4
28. Nc3 Rxb4 29. axb4 Nb3 30. Rb1 Rc8 31. Na2 Rc4 32. b5 Nd4 33. Kf1 Kc7 34. Nc3
a3 35. Ne1 Nb3 36. Nd3 Na4 37. Nxa4 a2 38. Nc3 Rxc3 39. b6+ Kc6 0-1

[Event "Mistrzostwa Polski Juniorow do lat 16 - Chlopcy"]
[Site "Jastrzebia Gora"]
[Date "1899-12-30"]
[Round "6.4"]
[White "Madej, Marek"]
[Black "Starosciak, Szymon"]
[Result "1/2-1/2"]
[WhiteTitle "I++"]
[BlackTitle "I++"]
[WhiteElo "2052"]
[BlackElo "2037"]

1. e4 c5 2. Nf3 Nc6 3. d4 cxd4 4. Nxd4 Nf6 5. Nc3 d6 6. f3 e5 7. Nb3 Be7 8. Be3
O-O 9. Qd2 a5 10. Bb5 Be6 11. O-O-O Nb4 12. a3 Qc7 13. Kb1 d5 14. Bg5 d4 15. Bxf6
gxf6 16. Nd5 Nxd5 17. exd5 Bf5 18. g4 Bg6 19. a4 Rfc8 20. Rc1 Qd6 21. h4 Qxd5
22. Ka2 Rc5 23. Qe2 Rac8 24. c4 dxc3 25. Rhd1 cxb2 26. Qxb2 Qe6 27. Bd7 Rc4 28.
Ka1 Qxd7 29. Rxd7 Rxa4+ 30. Qa2 Rxa2+ 31. Kxa2 Rxc1 32. Nxc1 Bb4 33. h5 Bc2 34.
h6 Kf8 35. Kb2 Bg6 36. Na2 Bc5 37. Rxb7 Be3 38. Rb8+ Ke7 39. Nc3 Bxh6 40. Rb6
Bd2 41. Nd5+ Kf8 1/2-1/2

[Event "Mistrzostwa Polski Juniorow do lat 16 - Chlopcy"]
[Site "Jastrzebia Gora"]
[Date "1899-12-30"]
[Round "6.5"]
[White "Demski, Michal"]
[Black "Zalega, Maciej"]
[Result "0-1"]
[WhiteTitle "I+"]
[BlackTitle "I++"]
[WhiteElo "2009"]
[BlackElo "2140"]

1. c4 e5 2. Nc3 Nc6 3. g3 g6 4. Bg2 Bg7 5. e3 Nf6 6. Nge2 O-O 7. O-O d6 8. d3 Be6
9. Nd5 Qd7 10. Nec3 Nd8 11. Nxf6+ Bxf6 12. Rb1 a5 13. Nd5 Bxd5 14. cxd5 c5 15.
dxc6 bxc6 16. Qa4 d5 17. b4 Nb7 18. b5 c5 19. Ba3 Rfd8 20. Rfc1 Rac8 21. h4 Bg7
22. Qb3 Kh8 23. h5 g5 24. e4 d4 25. Qd1 Qe6 26. Rc4 h6 27. Kh2 g4 28. f3 Nd6 29.
Rxc5 gxf3 30. Rxc8 Nxc8 31. Bxf3 Qxa2+ 32. Bb2 Nb6 33. Kh3 Rc8 34. Bg4 Rc5 35.
Ba1 Rc2 36. Qg1 a4 37. Rc1 a3 38. Rxc2 Qxc2 39. Qd1 Qxd1 40. Bxd1 Bf8 41. Bb3
Kg7 42. Kg4 Kf6 43. Kf3 Bc5 44. g4 Nc8 45. Bd5 Nd6 46. Bc6 Kg5 47. Bd5 Nxb5 48.
Bxf7 Nd6 49. Be6 Ne8 50. Bf7 Nf6 51. Be6 Bb4 52. Bxd4 exd4 53. e5 Nxg4 54. Ke4
Bc3 55. Bc4 Nf2+ 56. Kd5 Nxd3 57. e6 Kf6 58. Kd6 Nb2 59. Bb3 d3 60. Kd7 Bb4 0-1

[Event "Mistrzostwa Polski Juniorow do lat 16 - Chlopcy"]
[Site "Jastrzebia Gora"]
[Date "1899-12-30"]
[Round "6.6"]
[White "Malinowski, Szymon"]
[Black "Raczek, Krzysztof"]
[Result "1/2-1/2"]
[WhiteTitle "I++"]
[BlackTitle "k"]
[WhiteElo "1946"]
[BlackElo "2186"]

1. d4 d5 2. Bf4 Nf6 3. e3 c5 4. Nf3 Nc6 5. Be2 Bf5 6. O-O cxd4 7. Nxd4 Nxd4 8.
Qxd4 a6 9. Nc3 e6 10. Qa4+ Nd7 11. e4 dxe4 12. Rad1 b5 13. Qd4 Bc5 14. Qxg7 Qf6
15. Qg3 Qg6 16. Bg5 Rg8 17. Qc7 Qxg5 18. Qxd7+ Kf8 19. g3 Kg7 20. Qc7 Rac8 21.
Qe5+ Qf6 22. Qf4 Bg6 23. Qg4 h5 24. Qh3 Bd4 25. Bxh5 Rh8 26. g4 Bxc3 27. bxc3
Qxc3 28. Qg2 Qf3 29. Bxg6 Kxg6 30. Rd4 Rxc2 31. Rxe4 Qxg2+ 32. Kxg2 Rxa2 33. Rc1
Rb8 34. Rc7 Rb6 35. h4 f5 36. h5+ Kh6 37. Kg3 Ra1 38. gxf5 exf5 39. Re8 Kxh5 40.
Kf4 b4 41. Rg8 Kh6 42. Rh8+ Kg6 43. Rch7 Rf6 44. Rb7 Rc6 45. Rxb4 a5 46. Rd4 Ra6
47. Rhd8 Re6 48. Rg8+ Kf7 49. Rh8 Rf6 1/2-1/2

[Event "Mistrzostwa Polski Juniorow do lat 16 - Chlopcy"]
[Site "Jastrzebia Gora"]
[Date "1899-12-30"]
[Round "6.7"]
[White "Meers, Hubert"]
[Black "Skrzypinski, Jan"]
[Result "1-0"]
[WhiteTitle "k"]
[BlackTitle "I"]
[WhiteElo "2150"]
[BlackElo "1688"]

1. e4 c5 2. Nf3 d6 3. d4 cxd4 4. Nxd4 Nf6 5. Nc3 a6 6. Be2 e5 7. Nb3 Be7 8. O-O
O-O 9. Bf3 Be6 10. a4 Nbd7 11. Re1 Qc7 12. Nd2 Rfc8 13. Nf1 Rab8 14. a5 b5 15.
axb6 Nxb6 16. Ne3 Nc4 17. Nxc4 Bxc4 18. Be2 h6 19. Bxc4 Qxc4 20. Re3 Bd8 21. Rg3
Kh7 22. Qf3 Qe6 23. b3 Bb6 24. Bd2 Rc6 25. Qd3 Bd4 26. Ra2 Bxc3 27. Bxc3 Nh5 28.
Re3 Nf4 29. Qd2 Rbc8 30. Ba5 Qg4 31. f3 Qg5 32. g3 Ne6 33. c3 Nc5 34. Ra3 Nb7
35. c4 Nc5 36. Bb4 Ne6 37. Rd3 Qxd2 38. Bxd2 Nd4 39. Bc3 Ne2+ 40. Kf2 Nxc3 41.
Rxc3 Rb8 42. Ke3 Kg6 43. Rd3 Kf6 44. f4 Rcb6 45. h4 Ke6 46. f5+ Ke7 47. g4 h5
48. g5 Rc8 49. Kd2 Rc7 50. Rd5 Kd7 51. Rda5 Rcc6 52. Kc3 Kc7 53. b4 Kb7 54. Kb3
Kc7 55. Ra1 Kc8 56. b5 axb5 57. cxb5 Rc7 58. Ra8+ Kd7 59. Kb4 Rcb7 60. R1a5 d5
61. exd5 Kd6 62. R5a6 Rxa6 63. Rxa6+ Kxd5 64. f6 g6 65. Ka5 e4 66. Ra8 e3 67.
Re8 Ra7+ 68. Kb6 Ra3 69. Kc7 Rc3+ 70. Kd7 Kd4 71. b6 Rb3 72. Ke7 e2 73. Kxf7 Re3
74. Rxe3 Kxe3 75. b7 e1=Q 76. b8=Q Qxh4 77. Qe5+ Kd2 78. Kxg6 Qb4 79. Kxh5 Qf8
80. g6 Qh8+ 81. Kg5 Qh3 82. Qf4+ Kc3 83. f7 Qg2+ 84. Kf6 Qc6+ 85. Kg7 Qb7 86.
Qe5+ Kb3 87. Kg8 Ka4 88. Qf4+ 1-0

[Event "Mistrzostwa Polski Juniorow do lat 16 - Chlopcy"]
[Site "Jastrzebia Gora"]
[Date "1899-12-30"]
[Round "6.8"]
[White "Jaskiewicz, Kacper"]
[Black "Rog, Bartlomiej"]
[Result "0-1"]
[WhiteTitle "I+"]
[BlackTitle "k"]
[WhiteElo "2027"]
[BlackElo "2127"]

1. e4 e5 2. Nf3 Nc6 3. Bb5 d6 4. d4 exd4 5. Nxd4 Bd7 6. Bxc6 bxc6 7. O-O g6 8.
Nc3 Bg7 9. Be3 Ne7 10. Qd2 O-O 11. Bh6 c5 12. Bxg7 Kxg7 13. Nde2 Bc6 14. Nd5 Nxd5
15. exd5 Bd7 16. c4 Re8 17. Ng3 f5 18. Rae1 a5 19. Rxe8 Qxe8 20. Re1 Qf7 21. Qg5
Kf8 22. Re3 a4 23. h4 Re8 24. Rxe8+ Kxe8 25. Ne2 Qg7 26. h5 Qxb2 27. hxg6 hxg6
28. Nf4 Qg7 29. a3 c6 30. dxc6 Bxc6 31. Nxg6 Be4 32. f3 Bc2 33. Qd2 Qd4+ 34. Qxd4
cxd4 35. Kf2 Kd7 36. Nf4 Bb3 37. Nd5 Kc6 38. Ne7+ Kc5 39. Nxf5 Kxc4 40. Nxd6+
Kc3 41. Nb5+ Kc4 42. Nd6+ Kd3 43. Ke1 Kc2 44. Nf5 d3 45. Ne3+ Kc1 46. Nf1 Bd5
47. Nd2 Kb2 48. Nf1 Kxa3 49. Kd2 Kb2 50. Ne3 Bb3 51. Kxd3 a3 52. g4 a2 0-1

[Event "Mistrzostwa Polski Juniorow do lat 16 - Chlopcy"]
[Site "Jastrzebia Gora"]
[Date "1899-12-30"]
[Round "6.9"]
[White "Klim, Filip"]
[Black "Krawczyk, Flawian"]
[Result "1/2-1/2"]
[WhiteTitle "k"]
[BlackTitle "CM"]
[WhiteElo "2083"]
[BlackElo "1988"]

1. e4 c6 2. d4 d5 3. Nc3 dxe4 4. Nxe4 Nf6 5. Nxf6+ exf6 6. c3 Bd6 7. Bd3 O-O 8.
Qc2 Re8+ 9. Ne2 h6 10. O-O Qc7 11. h3 Nd7 12. Be3 Nf8 13. c4 Ne6 14. Rfe1 Bd7
15. Qd2 Qd8 16. Rac1 Rc8 17. b4 Bb8 18. Kf1 Ng5 19. Bf4 Ne4 20. Qc2 Bxf4 21. Nxf4
Qc7 22. g3 Ng5 23. Kg2 Qd6 24. Qc3 Ne6 25. Nxe6 Bxe6 26. Be4 b5 27. c5 Qd7 28.
Kh2 Bxa2 29. Bg2 Bd5 30. Bxd5 Qxd5 31. Ra1 Qd7 32. Qd3 Rcd8 33. Rad1 g6 34. Re3
Kg7 35. Rd2 Qd5 36. Rde2 Rxe3 37. fxe3 f5 38. Qc3 Re8 39. Qd3 Re4 40. Qc3 Re6
41. Rf2 Kg8 42. Qd2 Qe4 43. Re2 Qf3 44. Re1 g5 45. Qg2 Rxe3 46. Rxe3 Qxe3 47.
Qxc6 Qf2+ 48. Kh1 Qf1+ 49. Kh2 Qf2+ 50. Kh1 Qf1+ 1/2-1/2

[Event "Mistrzostwa Polski Juniorow do lat 16 - Chlopcy"]
[Site "Jastrzebia Gora"]
[Date "1899-12-30"]
[Round "6.10"]
[White "Grot, Blazej"]
[Black "Kejna, Piotr"]
[Result "1-0"]
[WhiteTitle "CM"]
[BlackTitle "CM"]
[WhiteElo "1862"]
[BlackElo "2027"]

1. e4 c5 2. Nf3 d6 3. Bb5+ Bd7 4. Bxd7+ Qxd7 5. O-O Nf6 6. Re1 Nc6 7. c3 e6 8.
d4 cxd4 9. cxd4 d5 10. e5 Ne4 11. Nbd2 Nxd2 12. Bxd2 Be7 13. Rc1 O-O 14. Rc3 Rac8
15. a3 b5 16. h4 a5 17. h5 b4 18. Rd3 Rc7 19. Nh2 f5 20. exf6 Rxf6 21. Bg5 Rf5
22. Bxe7 Qxe7 23. Rde3 Nd8 24. Qg4 Qf6 25. Rf3 Rxf3 26. Nxf3 b3 27. Qg3 Rc2 28.
Qb8 Rxb2 29. Rxe6 Qf8 30. Re1 Ne6 31. Qb5 Nc7 32. Qd7 Rc2 33. Qa4 Qb8 34. Rb1
Rc3 35. Qxa5 Rc6 36. Ne5 Ra6 37. Qc5 Qb7 38. Qe7 Ra8 39. h6 gxh6 40. Nd7 Kh8 41.
Nf6 1-0

[Event "Mistrzostwa Polski Juniorow do lat 16 - Chlopcy"]
[Site "Jastrzebia Gora"]
[Date "1899-12-30"]
[Round "6.11"]
[White "Pancewicz, Szymon"]
[Black "Maslanka, Wojciech"]
[Result "1-0"]
[WhiteTitle "I+"]
[BlackTitle "k"]
[WhiteElo "1909"]
[BlackElo "2090"]

1. d4 Nf6 2. c4 e6 3. Nc3 Bb4 4. e3 O-O 5. Nge2 Re8 6. a3 Bf8 7. Nf4 d6 8. Be2
Nbd7 9. O-O e5 10. Nfd5 Nxd5 11. Nxd5 c6 12. Nc3 Qe7 13. b4 Nf6 14. Bb2 Bf5 15.
d5 Rac8 16. Rc1 cxd5 17. Nxd5 Nxd5 18. Qxd5 Be6 19. Qd3 Rc7 20. Rc2 Rec8 21. Rfc1
Qg5 22. Bf3 h5 23. Bd5 Qh6 24. h3 Be7 25. b5 Qh7 26. e4 Qg6 27. a4 Bg5 28. Rd1
Bxd5 29. Qxd5 Qe6 30. Qxe6 fxe6 31. Rxd6 Rxc4 32. Rxc4 Rxc4 33. Rd7 Rxe4 34. Rxb7
Re2 35. Bc3 h4 36. Kf1 Re4 37. Rxa7 Bf4 38. b6 Rc4 39. b7 e4 40. Bd2 1-0

[Event "Mistrzostwa Polski Juniorow do lat 16 - Chlopcy"]
[Site "Jastrzebia Gora"]
[Date "1899-12-30"]
[Round "6.12"]
[White "Kutowski, Marcel"]
[Black "Wierzbicki, Dawid"]
[Result "1-0"]
[WhiteTitle "I++"]
[BlackTitle "I"]
[WhiteElo "2070"]
[BlackElo "1766"]

1. e4 c5 2. Nf3 d6 3. d4 cxd4 4. Nxd4 Nf6 5. Nc3 a6 6. Be2 e6 7. g4 Be7 8. g5 Nfd7
9. f4 b5 10. Bf3 Bb7 11. Be3 Nc5 12. a3 Nc6 13. h4 Qc7 14. Nxc6 Qxc6 15. Qd4 Rg8
16. O-O-O Rc8 17. Kb1 Na4 18. Nxa4 bxa4 19. Rh2 Qb5 20. Rhd2 Rb8 21. c4 Qc6 22.
Bg2 Qc7 23. Rc1 Ba8 24. Rc3 g6 25. c5 dxc5 26. Qxa4+ Bc6 27. Qc2 Bb5 28. Bxc5
Bxc5 29. Rxc5 Qb6 30. e5 Kf8 31. Rd6 Qa5 32. a4 Qxa4 33. Qxa4 Bxa4 34. Rxa6 Bb3
35. Rc7 Rd8 36. Rd6 Kg7 37. Rb7 Bc4 38. b3 Bd3+ 39. Kb2 Rxd6 40. exd6 Rd8 41.
Rb6 Rd7 42. Kc3 Bf5 43. Ra6 f6 44. Kd4 Kf7 45. Rc6 fxg5 46. fxg5 Ke8 47. Rc8+
Kf7 48. Rc7 Rxc7 49. dxc7 Ke7 50. c8=N+ Kd7 51. Nb6+ Kd6 52. Nc4+ Kc7 53. b4 Bc2
54. b5 Ba4 55. b6+ Kb8 56. Na5 Bd7 57. Bc6 Bc8 58. b7 1-0

[Event "Mistrzostwa Polski Juniorow do lat 16 - Chlopcy"]
[Site "Jastrzebia Gora"]
[Date "1899-12-30"]
[Round "6.13"]
[White "Dylong, Antoni"]
[Black "Trzebinski, Patryk"]
[Result "1/2-1/2"]
[WhiteTitle "I+"]
[BlackTitle "I++"]
[WhiteElo "2034"]
[BlackElo "1826"]

1. e4 c5 2. Nf3 b6 3. d3 g6 4. g3 Bg7 5. Bg2 Nc6 6. c3 e6 7. O-O Nge7 8. Re1 O-O
9. Nbd2 d5 10. Nb3 Ba6 11. exd5 Nxd5 12. d4 cxd4 13. Nfxd4 Nxd4 14. Nxd4 Qc7 15.
Bxd5 exd5 16. Qa4 Qc4 17. Qxc4 dxc4 18. Be3 Bxd4 19. Bxd4 Rfe8 20. f3 f5 21. Kf2
Kf7 22. Rxe8 Rxe8 23. Re1 Rxe1 24. Kxe1 Bb5 25. Ke2 Ke6 26. Bg7 h5 27. h4 Bc6
28. Bd4 Kd5 29. Be3 Ke6 30. Bd4 Kd5 31. Be3 Ke5 1/2-1/2

[Event "Mistrzostwa Polski Juniorow do lat 16 - Chlopcy"]
[Site "Jastrzebia Gora"]
[Date "1899-12-30"]
[Round "6.14"]
[White "Duda, Szymon"]
[Black "Kubik, Rafal"]
[Result "1/2-1/2"]
[WhiteTitle "I+"]
[BlackTitle "I++"]
[WhiteElo "1768"]
[BlackElo "1995"]

1. e4 c5 2. Nf3 d6 3. d4 cxd4 4. Nxd4 Nf6 5. Nc3 g6 6. Be3 Bg7 7. f3 O-O 8. Qd2
Nc6 9. O-O-O d5 10. exd5 Nxd5 11. Nxc6 bxc6 12. Bd4 e5 13. Bc5 Re8 14. Bc4 Be6
15. Ne4 Qc7 16. Bb3 Nf4 17. g3 Bxb3 18. axb3 Ne6 19. Qc3 Nd4 20. Kb1 a5 21. g4
a4 22. g5 axb3 23. cxb3 Qb7 24. Rxd4 exd4 25. Bxd4 Rxe4 26. Bxg7 Qa6 27. Bh8 f6
28. gxf6 Qa1+ 29. Kc2 Re2+ 30. Kd3 Qa6+ 31. Qc4+ Qxc4+ 32. bxc4 Rxb2 33. Bg7 c5
34. Ke4 Rd8 35. Ra1 Rb4 36. Ra7 Rxc4+ 37. Ke5 Rcd4 38. Ke6 Re8+ 39. Re7 Rxe7+
40. fxe7 Kxg7 41. e8=Q Rf4 42. Qd7+ Kg8 43. Qb7 Rf5 44. Kd6 Kh8 45. Qe4 Kg7 46.
Kc6 Kg8 47. Kb5 Kg7 48. Kc4 Kg8 49. Kd3 Kg7 50. Ke2 Kf7 51. Kf2 Kf8 52. h4 Kf7
53. Kg3 Kf8 54. Kg4 Kf7 55. Qb7+ Kg8 56. Qe7 Rh5 57. Qe6+ Kg7 58. Qc8 Rf5 59.
Qc7+ Kg8 60. Qd8+ Kg7 61. Qe7+ Kg8 62. Qe4 Kg7 63. Kg3 Kg8 64. Kf2 Kg7 65. Ke3
Kf7 66. Kd3 Rh5 67. Kc4 Rf5 68. Qb7+ Kg8 69. Qa8+ Kg7 70. Kd3 Rh5 71. Qa1+ Kg8
72. Qe1 Rf5 73. Ke4 Kg7 74. Qa1+ 1/2-1/2

[Event "Mistrzostwa Polski Juniorow do lat 16 - Chlopcy"]
[Site "Jastrzebia Gora"]
[Date "1899-12-30"]
[Round "6.15"]
[White "Borowik, Wojciech"]
[Black "Nowak, Filip"]
[Result "1/2-1/2"]
[WhiteTitle "I++"]
[BlackTitle "I"]
[WhiteElo "1890"]
[BlackElo "1893"]

1. c4 c6 2. e4 d5 3. exd5 cxd5 4. cxd5 Nf6 5. Nc3 g6 6. Bc4 Bg7 7. Nf3 Nbd7 8.
d3 O-O 9. O-O a6 10. a4 b6 11. h3 Bb7 12. Be3 Rc8 13. Rc1 a5 14. Qb3 Nc5 15. Qa2
Na6 16. Bxa6 Bxa6 17. Rfe1 Bb7 18. Qb3 Nxd5 19. Nxd5 Bxd5 20. Rxc8 Bxb3 21. Rxd8
Rxd8 22. Bxb6 Rxd3 23. Rxe7 Bxb2 24. Bxa5 Bxa4 25. Bd2 Kg7 26. Re3 Rxe3 27. Bxe3
Bc6 28. Bd4+ Bxd4 29. Nxd4 Bd7 30. f3 Kf6 31. Kf2 h5 32. g4 hxg4 33. hxg4 Ke5
34. Ke3 1/2-1/2

[Event "Mistrzostwa Polski Juniorow do lat 16 - Chlopcy"]
[Site "Jastrzebia Gora"]
[Date "1899-12-30"]
[Round "6.16"]
[White "Kazmierowski, Tymon"]
[Black "Stanislawski, Karol"]
[Result "1/2-1/2"]
[WhiteTitle "I++"]
[BlackTitle "I"]
[WhiteElo "1998"]
[BlackElo "1844"]

1. e4 c5 2. Nf3 g6 3. c4 Bg7 4. d4 cxd4 5. Nxd4 Nc6 6. Be3 Nf6 7. Nc3 O-O 8. Be2
d6 9. O-O Nxd4 10. Bxd4 Bd7 11. Qd2 Bc6 12. f3 a5 13. b3 Nd7 14. Be3 Nc5 15. Rab1
e6 16. Rbd1 Be5 17. g3 Qe7 18. Bg5 f6 19. Be3 Rad8 20. Nb5 f5 21. Bg5 Bf6 22.
Bxf6 Qxf6 23. Nxd6 e5 24. Qxa5 Rxd6 25. Qxc5 Rxd1 26. Rxd1 fxe4 27. fxe4 Qg5 28.
Rf1 Rxf1+ 29. Bxf1 Bxe4 30. Qf2 h5 31. h4 Qc1 32. Qe2 Qb1 33. c5 Kh7 34. Kh2 Bc6
35. Bg2 e4 36. Qf2 Kg7 37. Qd4+ Kh7 38. a4 Qc2 39. Qe3 Kg7 40. a5 Qd3 41. Qxd3
exd3 42. Bxc6 bxc6 43. a6 d2 44. a7 d1=Q 45. a8=Q Qe2+ 46. Kg1 1/2-1/2

[Event "Mistrzostwa Polski Juniorow do lat 16 - Chlopcy"]
[Site "Jastrzebia Gora"]
[Date "1899-12-30"]
[Round "6.17"]
[White "Paszkowski, Krystian"]
[Black "Lonski, Aleksander"]
[Result "1/2-1/2"]
[WhiteTitle "I++"]
[BlackTitle "I"]
[WhiteElo "1992"]
[BlackElo "1707"]

1. e4 c5 2. Nf3 g6 3. c4 Nc6 4. d4 cxd4 5. Nxd4 Nf6 6. Nc3 Nxd4 7. Qxd4 d6 8. Be2
Bg7 9. O-O O-O 10. Bg5 Be6 11. Qe3 Re8 12. Rac1 a6 13. f4 Qa5 14. f5 Bd7 15. c5
gxf5 16. cxd6 exd6 17. Qg3 Qe5 18. Bf4 Qd4+ 19. Be3 Nxe4 20. Bxd4 Nxg3 21. Bxg7
Nxe2+ 22. Nxe2 Kxg7 23. Nf4 Bc6 24. Rcd1 Rad8 25. Rd2 Re5 26. Rfd1 d5 27. Kf2
Kf6 28. Rd3 Ke7 29. R3d2 Kd6 30. Rd3 Rc8 31. R1d2 b5 32. Rh3 Re4 33. g3 Rc7 34.
Rxh7 Ke5 35. Rh6 Bb7 36. Nd3+ Kd4 37. Nc1+ Ke5 38. Nd3+ Kd4 39. Nb4+ Kc5 40. Nxa6+
Bxa6 41. Rxa6 Rce7 42. Rf6 R4e5 43. Rc2+ Kb4 44. Rd6 Re8 45. Rd7 R8e7 46. Rd8
Re8 47. Rxe8 Rxe8 48. Rc3 d4 49. a3+ Ka4 50. Rd3 Re4 51. b4 Re5 52. h4 Re4 53.
Kf3 Rg4 54. Kf2 f4 1/2-1/2

[Event "Mistrzostwa Polski Juniorow do lat 16 - Chlopcy"]
[Site "Jastrzebia Gora"]
[Date "1899-12-30"]
[Round "6.18"]
[White "Brozynski, Patryk"]
[Black "Marek, Grzegorz"]
[Result "1/2-1/2"]
[WhiteTitle "II+"]
[BlackTitle "I"]
[WhiteElo "1910"]
[BlackElo "1657"]

1. e4 c5 2. Nf3 e6 3. d4 cxd4 4. Nxd4 Nf6 5. Nc3 Nc6 6. Qd3 Qc7 7. Ndb5 Qb8 8.
Qg3 Qxg3 9. hxg3 Kd8 10. Bf4 Ne8 11. O-O-O a6 12. Nd6 Nxd6 13. Bxd6 Bxd6 14. Rxd6
Ke7 15. Rd2 h6 16. f4 d6 17. Be2 b5 18. Rhd1 Rd8 19. Bf3 Bb7 20. Re1 Rac8 21.
Nd5+ Kf8 22. Ne3 Ke7 23. Nd5+ Kf8 24. Ne3 Ke7 25. Kb1 Na5 26. Rd4 Rc7 27. Red1
Nc6 28. R4d2 Na7 29. c3 Nc6 30. b3 Na5 31. Kb2 Ba8 32. Nc2 Nc6 33. Nd4 Na5 34.
e5 Bxf3 35. gxf3 d5 36. f5 Rdc8 37. Rd3 Nc6 38. Nxc6+ Rxc6 39. fxe6 fxe6 40. R1d2
Kf7 41. Rh2 Kg6 42. Rh4 Kf5 43. Re3 Kg6 44. Rg4+ Kf7 45. Rf4+ Ke7 46. Rd3 Rc5
47. Re3 R5c6 48. Rd3 1/2-1/2

[Event "Mistrzostwa Polski Juniorow do lat 16 - Chlopcy"]
[Site "Jastrzebia Gora"]
[Date "1899-12-30"]
[Round "6.19"]
[White "Ugorek, Kacper"]
[Black "Kusiak, Mateusz"]
[Result "1-0"]
[WhiteTitle "I"]
[BlackTitle "I++"]
[WhiteElo "1650"]
[BlackElo "1909"]

1. e4 c5 2. Nf3 e6 3. d4 cxd4 4. Nxd4 Nf6 5. Nc3 Nc6 6. Ndb5 Bb4 7. a3 Bxc3+ 8.
Nxc3 d5 9. exd5 exd5 10. Bd3 d4 11. Ne2 O-O 12. O-O Bg4 13. Bg5 Re8 14. f3 Bh5
15. Nf4 Bg6 16. Nxg6 hxg6 17. Qd2 Qb6 18. Bxf6 gxf6 19. f4 f5 20. g4 fxg4 21.
Qg2 Kg7 22. Qxg4 Re3 23. b4 Rh8 24. Rf2 Qd8 25. b5 Rh4 26. Qg2 Ne7 27. f5 Qd7
28. Kh1 f6 29. Rg1 Reh3 30. fxg6 Qd6 31. Bf1 Rxa3 32. Qxb7 Qd5+ 33. Qxd5 Nxd5
34. Rf5 Nf4 35. Rc5 Ne6 36. Rc6 Ng5 37. Bd3 Rc3 38. Rxc3 dxc3 39. Ra1 Rg4 40.
Rxa7+ Kh6 41. Be2 Re4 42. g7 1-0

[Event "Mistrzostwa Polski Juniorow do lat 16 - Chlopcy"]
[Site "Jastrzebia Gora"]
[Date "1899-12-30"]
[Round "6.20"]
[White "Ptaszynski, Szymon"]
[Black "Gbiorczyk, Mikolaj"]
[Result "0-1"]
[WhiteTitle "I"]
[BlackTitle "I+"]
[WhiteElo "1764"]
[BlackElo "1853"]

1. d4 Nf6 2. c4 c5 3. d5 b5 4. cxb5 a6 5. bxa6 g6 6. Nc3 Bg7 7. e4 O-O 8. a7 Rxa7
9. Nf3 d6 10. Be2 Ba6 11. O-O Nbd7 12. Bxa6 Rxa6 13. Qe2 Qa8 14. a3 Rb8 15. h3
Nb6 16. Rd1 Nfd7 17. Qc2 Na4 18. Nxa4 Rxa4 19. Rb1 Kf8 20. b3 Ra6 21. Nd2 Kg8
22. Nc4 Ne5 23. f4 Nxc4 24. Qxc4 Ra4 25. Qc2 Rd4 26. Rxd4 Bxd4+ 27. Kh2 Re8 28.
Qc4 e6 29. b4 Qa4 30. Qb3 Qxb3 31. Rxb3 c4 32. Rf3 exd5 33. exd5 Re2 34. b5 h5
35. h4 Ra2 36. Be3 Bb2 37. b6 Rxa3 38. b7 Rb3 39. Bd4 Rxb7 40. Bxb2 Rxb2 41. Rc3
Rb4 42. Ra3 Kf8 43. Ra8+ Kg7 44. Rc8 Kf6 45. Rc6 Ke7 46. Kg3 Rb3+ 47. Kf2 Rc3
48. Ke2 Rc2+ 49. Kf3 c3 50. g3 Rc1 51. Kf2 c2 52. Kg2 Ke8 53. Kh2 Kd7 54. Kg2
Ke7 55. Kh2 Rd1 56. Rxc2 Rxd5 57. Kg2 Kf6 58. Rc3 Kf5 59. Kf3 Rd1 60. Re3 f6 61.
Ra3 d5 62. Rb3 Rc1 63. Rd3 Rc5 64. Rd4 Rc3+ 65. Kg2 Ke6 66. Kf2 Kd6 67. Ra4 Ke6
68. Rd4 Rc4 69. Rd2 d4 70. Ra2 Kf5 71. Ra6 Rc2+ 72. Kf3 Rc3+ 73. Kf2 Rc2+ 74.
Kf3 Rc3+ 75. Kf2 d3 76. Rd6 Ra3 77. Rb6 d2 78. Rd6 Kg4 79. Ke2 Rxg3 80. Rxf6 Rg2+
81. Kd1 Kxh4 82. f5 gxf5 83. Rxf5 Kg4 84. Rf8 h4 85. Rg8+ Kf3 86. Rf8+ Kg3 87.
Rh8 h3 88. Kc2 h2 89. Rg8+ Kf2 90. Rh8 d1=Q+ 91. Kxd1 Rg1+ 92. Kd2 h1=Q 93. Rxh1
Rxh1 0-1

[Event "Mistrzostwa Polski Juniorow do lat 16 - Chlopcy"]
[Site "Jastrzebia Gora"]
[Date "1899-12-30"]
[Round "6.21"]
[White "Rozek, Michal"]
[Black "Przybylski, Bartosz"]
[Result "1/2-1/2"]
[WhiteTitle "I"]
[BlackTitle "I"]
[WhiteElo "1591"]
[BlackElo "1868"]

1. e4 e5 2. Nf3 Nc6 3. Bc4 Nf6 4. d3 Bc5 5. O-O O-O 6. h3 h6 7. c3 d6 8. Nbd2 a6
9. Bb3 Ba7 10. Re1 Re8 11. Nf1 Be6 12. Bxe6 Rxe6 13. Ng3 d5 14. Qe2 Qd7 15. Be3
Bxe3 16. Qxe3 Rd8 17. Rad1 dxe4 18. Nxe4 Nxe4 19. Qxe4 Qd5 20. Qxd5 Rxd5 21. Rd2
Red6 22. Red1 Rd7 23. d4 exd4 24. Nxd4 Ne5 25. b4 c5 26. Nb3 Rxd2 27. Rxd2 Rxd2
28. Nxd2 cxb4 29. cxb4 Nc6 30. a3 Nd4 31. Kf1 Kf8 32. Nb1 Ke7 1/2-1/2

[Event "Mistrzostwa Polski Juniorow do lat 16 - Chlopcy"]
[Site "Jastrzebia Gora"]
[Date "1899-12-30"]
[Round "6.22"]
[White "Jaworski, Tymon"]
[Black "Stepinski, Piotr"]
[Result "1/2-1/2"]
[WhiteTitle "I+"]
[BlackTitle "I"]
[WhiteElo "1825"]
[BlackElo "1759"]

1. c4 c5 2. Nc3 Nf6 3. g3 d5 4. cxd5 Nxd5 5. Bg2 Nc7 6. Nf3 Nc6 7. O-O e5 8. d3
Be7 9. Be3 O-O 10. Nd2 Nd4 11. Nc4 f6 12. a4 Rb8 13. Bxd4 exd4 14. Nb5 a6 15.
Nxc7 Qxc7 16. a5 Be6 17. Qc2 Kh8 18. Rfc1 Bxc4 19. Qxc4 b5 20. axb6 Rxb6 21. Qxd4
Qxg3 22. Qxc5 Qxg2+ 23. Kxg2 Bxc5 24. Rxc5 Rxb2 25. Kf3 Re8 26. e3 Rb6 27. Rc7
f5 28. Ra7 Rh6 29. Rg1 Rg8 30. Rg5 Rf6 31. Kf4 g6 32. Rg1 Rg7 33. Ra8+ Rg8 34.
Rxg8+ Kxg8 35. d4 Re6 36. Ra1 Kf7 37. f3 g5+ 38. Kxf5 Rxe3 39. Kxg5 Rxf3 40. Rxa6
Rd3 41. Ra4 Rh3 42. d5 Rxh2 43. Ra7+ Ke8 44. Kf6 Rh6+ 45. Ke5 Kd8 46. Kd4 Rg6
47. Rxh7 Ra6 48. Kc5 Rg6 49. Rh5 Ra6 50. Rh1 Rg6 51. Re1 Rh6 52. Rb1 Rg6 53. Rb6
Rxb6 54. Kxb6 Kd7 55. Kc5 Kc7 56. d6+ Kd7 57. Kd5 Kd8 58. Kc6 Kc8 59. Kc5 Kd7
60. Kd5 Kd8 61. Kc6 Kc8 62. d7+ Kd8 63. Kd6 1/2-1/2

[Event "Mistrzostwa Polski Juniorow do lat 16 - Chlopcy"]
[Site "Jastrzebia Gora"]
[Date "1899-12-30"]
[Round "6.23"]
[White "Szymkiewicz, Witold"]
[Black "Sliz, Karol"]
[Result "1/2-1/2"]
[WhiteTitle "I+"]
[BlackTitle "I"]
[WhiteElo "1754"]
[BlackElo "1672"]

1. e4 c5 2. Nf3 Nc6 3. c4 g6 4. Nc3 d6 5. Be2 Bg7 6. O-O e6 7. d3 Nge7 8. Be3 Nd4
9. Qd2 Nec6 10. Bh6 O-O 11. g3 Rb8 12. h4 Nxe2+ 13. Nxe2 Qf6 14. Bxg7 Kxg7 15.
Kg2 h5 16. d4 e5 17. dxe5 dxe5 18. Nc3 Rd8 19. Nd5 Bh3+ 20. Kxh3 Qxf3 21. Qe3
Nd4 22. Rac1 Rd6 23. Rc3 Qxe3 24. Rxe3 b5 25. cxb5 Rxb5 26. b3 Ra5 27. Nc3 Nc2
28. Re2 Nb4 29. Rc1 Rd4 30. a4 a6 31. Na2 Nd3 32. Rc3 Rxe4 33. Rxe4 Nxf2+ 34.
Kg2 Nxe4 35. Re3 f5 36. Nc3 Nxc3 37. Rxc3 Kf6 38. Rc4 Ke6 39. Kf3 Kd6 40. Ke3
Kc6 41. Kd3 Kd5 42. Ke3 Ke6 43. Kf3 Kf6 44. Ke3 Ke7 45. Kf3 Kd6 46. Ke3 Kc6 47.
Kd3 Kb6 48. Ke3 Kc7 49. Kd3 Kd6 50. Ke3 Ke6 51. Kf3 Kf6 52. Ke3 g5 53. Kf3 gxh4
54. gxh4 f4 55. Ke4 Ke6 56. Kf3 Kf5 57. Ke2 Kg4 58. Kd3 Kxh4 59. Ke4 Kg3 60. Rc3+
Kg4 61. Rc1 h4 62. Rg1+ Kh5 63. Rg8 c4 64. b4 Rxa4 65. Kf5 Kh6 66. Kf6 Kh7 67.
Rg7+ Kh8 68. Rb7 Ra1 69. Rb8+ Kh7 70. Rb7+ Kh6 71. Rb8 Kh5 72. Kf5 Kh6 73. Kf6
Kh7 74. Rb7+ Kg8 75. Rb8+ Kh7 76. Rb7+ Kh6 77. Rb8 Kh5 78. Kf5 Kh6 1/2-1/2